| 000 | 01556nam a22003497a 4500 | ||
|---|---|---|---|
| 001 | 0009945 | ||
| 003 | KOHA_MİRAKIL | ||
| 005 | 20260207001727.0 | ||
| 007 | ta | ||
| 008 | 091027b2008 tu |||gr||||#0|||e|tur | | ||
| 020 | _a9789754373844 | ||
| 040 |
_aTR-BiSEU _btur _cTR-BiSEU _erda |
||
| 041 | 0 | _atur | |
| 044 | _ctu | ||
| 050 |
_aPL243 _b.B84 2008 |
||
| 100 | 1 | _aBuğra, Tarık. | |
| 245 | 1 |
_aDüşman kazanmak sanatı : _bdil ve edebiyat üzerine yazılar/ _cTarık Buğra ; Tarık Buğra. |
|
| 264 | 1 |
_aİstanbul : _bÖtüken _c2008 |
|
| 300 | _a 343 sayfa; 20 cm. | ||
| 336 |
_ametin _btxt _2rdacontent |
||
| 337 |
_aaracısız _bn _2rdamedia |
||
| 338 |
_acilt _bnc _2rdacarrier |
||
| 490 | 1 |
_aYayın ; _v144. |
|
| 490 | 1 |
_aEdebi Eserler ; _v75. |
|
| 505 |
_aTarık Buğra'nın Türk Edebiyatı ve Türkçe hakkındaki düşünceleri... _x _xTarık Buğra meseleleri bulan, onları tartışmaya açan, düşüncelere sunan bir yazardır. Romanlarında, hikâyelerinde, piyeslerinde olduğu gibi bu kitabında da alışılmışlardan, bilinenlerden, beylik'ten titizlikle kaçınmıştır. Özellikle yazıldığı tarihler göz önünde bulundurulduğunda bir dil ve edebiyat ustasının bu görüş ve düşünceleri ufuk açıcıdır. Tarık Buğra'nın yıllar boyu edindiği yazarlık ilkelerini de açıkladığı kitabıdır. |
||
| 650 | 0 |
_aTurkish language. _96756 |
|
| 650 | 0 |
_aTurkish literature. _97987 |
|
| 830 | 1 |
_aYayın ; _v144. _91557 |
|
| 830 | 1 |
_aEdebi Eserler ; _v75. _915677 |
|
| 907 | _aDeneme | ||
| 942 |
_2lcc _cBK |
||
| 999 |
_c9917 _d9917 |
||